| 000 | 00000nam##2200000za#4500 |
| 001 | 9.572933 |
| 003 | CaOODSP |
| 005 | 20210624183446 |
| 007 | cr ||||||||||| |
| 008 | 150406|2002||||xxc|||||o f|0| 0 eng|d |
| 040 | |aCaOODSP|beng |
| 043 | |an-cn--- |
| 086 | 1 |aH13-6/2002-4E-PDF |
| 110 | 1 |aCanada. |bHealth Canada. |
| 245 | 10|aIntegrated service delivery / |h[electronic resource]|c[by] Peggy Leatt. |
| 246 | 1 |iAt head of title : |aThe Health Transition Fund |
| 260 | |aOttawa - Ontario : |bHealth Canada |cc2002. |
| 300 | |a44p.|breferences |
| 490 | 1 |aSynthesis series |
| 500 | |a"Sharing the learning, The Health Transition Fund"--p.1 of 44. The catalogue number (H13-6/2002-4) and ISBN (0-662-66307-1) for the bilingual print edition have been incorrectly copied in this electronic publication. |
| 590 | |a12-08-Supp|b2012-03-16 |
| 690 | 07|aHealth care system|2gcpds |
| 720 | 1 |aLeatt, Peggy |
| 775 | 08|tLa prestation de services intégrés / |w(CaOODSP)9.603178 |
| 776 | 0#|tIntegrated service delivery / |w(CaOODSP)9.536368 |
| 776 | 0#|tLa prestation de services intégrées / |w(CaOODSP)9.536369 |
| 830 | #0|aSynthesis series.|w(CaOODSP)9.506811 |
| 856 | 40|ahttp://publications.gc.ca|qPDF|s526 KB|uhttps://publications.gc.ca/collections/Collection/H13-6-2002-4E.pdf |